Liberation and freedom in an urban learning community ; a rationale for a comprehensive education model for Afro-Americans.

Bibliographic Details
Main Author: Watts, Walter Norman
Format: Book
Language:English
Published: New York : MSS Information Corp., [1973]
Subjects:

MARC

Tag First Indicator Second Indicator Subfields
LEADER 00000pam a2200000 4500
001 in00000192713
005 20151009051508.0
008 730827s1973 nyu b 00000 eng d
010 |a  73015512  
020 |a 0842251375 
020 |a 0842203605 (pbk.) 
035 |a (OCoLC)00703147 
035 |9 AAV6062AM 
040 |a DLC  |c DLC  |d TXA  |d UtOrBLW 
043 |a n-us--- 
049 |a TXAM  |c [716800] 
050 0 0 |a LC2771  |b .W38 1973 
082 0 |a 370.19/342 
100 1 |a Watts, Walter Norman. 
245 1 0 |a Liberation and freedom in an urban learning community ;  |b a rationale for a comprehensive education model for Afro-Americans. 
264 1 |a New York :  |b MSS Information Corp.,  |c [1973] 
264 4 |c [©1973] 
300 |a 223 pages ;  |c 22 cm. 
336 |a text  |b txt  |2 rdacontent 
337 |a unmediated  |b n  |2 rdamedia 
338 |a volume  |b nc  |2 rdacarrier 
504 |a Bibliography: pages 193-223. 
650 0 |a African Americans  |x Education. 
650 0 |a Education, Urban  |z United States. 
999 |a MARS 
999 f f |s eb49a3fd-a0d6-37b0-9674-7b5061b5a298  |i 1054de31-1c4b-3f20-86fe-0d18b9a0d7a3  |t 0 
952 f f |p normal  |a Texas A&M University  |b College Station  |c Sterling C. Evans Library  |d Evans: Library Stacks  |t 0  |e LC2771 .W38 1973  |h Library of Congress classification  |i unmediated -- volume  |m A14803320252 
998 f f |a LC2771 .W38 1973  |t 0  |l Evans: Library Stacks